All Michigan Cities By Letter - W, Y & Z - Statistics

General Stats
  • This quiz has been taken 12 times
  • The average score is 15 of 29
Answer Stats
Population County City/Village % Correct
16,814 Wayne Wayne
100%
133,943 Macomb Warren
86%
81,511 Wayne Westland
86%
75,667 Kent Wyoming
71%
24,869 Kent Walker
57%
4,225 Allegan Wayland
57%
1,310 Ingham Webberville
57%
1,387 Newaygo White Cloud
57%
2,832 Muskegon Whitehall
57%
12,469 Wayne Woodhaven
57%
446 Barry Woodland
57%
20,171 Washtenaw Ypsilanti
57%
5,536 Ottawa Zeeland
57%
1,668 Gogebic Wakefield
43%
523 Hillsdale Waldron
43%
7,134 Oakland Walled Lake
43%
1,646 Berrien Watervliet
43%
2,050 Ogemaw West Branch
43%
1,527 St. Joseph White Pigeon
43%
375 Iosco Whittemore
43%
3,965 Ingham Williamston
43%
234 Cheboygan Wolverine
43%
4,783 Oakland Wolverine Lake
43%
1,870 St. Clair Yale
43%
1,529 Saginaw Zilwaukee
43%
260 Oceana Walkerville
29%
933 Clinton Westphalia
29%
14,049 Oakland Wixom
29%
24,859 Wayne Wyandotte
29%
No matching quizzes found
Score Distribution
Percent of People with Each Score
Percentile by Number Answered
Your Score History
You have not taken this quiz